000
00298nam a22001337a 4500
008
170612b xxu||||| |||| 00| 0 eng d
020
_a
9780321100160
041
_a
eng
080
_a
94(7/8)
100
_a
17
101
_a
SHH
245
_a
AMERICA'S NEW DEMOCRACY
_c
FIORINA,M.P
942
_2
udc
_c
BK
999
_c
16876
_d
16876